Pomoc obetiam obchodovania s ľuďmi - pomoc obetiam obchodovania v SR a vo vybranej krajine EÚ

Bibliographic Details
Main Author: Ondicová, Magdaléna, 1966- (Author)
Format: Article
Language:Slovak
ISBN:9788055706870
Subjects:

MARC

LEADER 00000nab a2200000 a 4500
001 vtls010614895
003 SK-MaSNL
005 20260426070523.0
008 140819 2014 xo 100 b slo
015 |a SNBRA 2012/09  |2 svkbbbg 
038 |a SVKBBBG 
040 |a SVKBBBG  |b slo  |c SVKBBBG  |e AACR2 
041 0 |a slo 
044 |a xo  |c SK 
072 7 |a 343  |x Trestné právo  |2 konspekt 
080 |a 343.431/.433  |2 2001 
080 |a 343.3/.7-058.6  |2 2001 
080 |a (437.6)  |2 2001 
080 |a (410)  |2 2001 
100 1 |a Ondicová, Magdaléna,  |d 1966-  |4 aut  |9 155074 
245 1 0 |a Pomoc obetiam obchodovania s ľuďmi - pomoc obetiam obchodovania v SR a vo vybranej krajine EÚ  |c Magdaléna Ondicová 
504 |a Bibliografické odkazy a zoznam použitej literatúry 
610 2 7 |a Európska únia  |2 SNKKA  |9 29861 
650 0 7 |a obchod s ľuďmi  |2 SNKPH  |9 4780 
650 0 7 |a obete trestných činov  |2 SNKPH  |9 4546 
650 0 7 |a Pomoc obetiam  |2 SVKBBPH  |9 270518 
651 7 |a Slovensko  |2 SVKBBPH  |9 14231 
651 7 |a Veľká Británia  |2 SNKPHgeo  |9 20930 
773 0 |t Ako sa nestať obeťou obchodovania s ľuďmi? Hľadáme riešenie : zborník príspevkov z medzinárodnej vedeckej konferencie ...  |d Banská Bystrica : Vydaveteľstvo Univerzity Mateja Bela v Banskej Bystrici - Belianum, 2014  |g S. 57-68  |z 9788055706870 
852 |a SVKBB  |b KIS3GCP 
958 |a NB 
999 |c 2668430  |d 2670360